LIBRARY & INFORMATION CENTRE, KCAET, TAVANUR

ONLINE PUBLIC ACCESS CATALOGUE (OPAC)

Vicharaleela / (Record no. 1165)

MARC details
000 -LEADER
fixed length control field 00384cam a2200169ua 4500
041 ## - LANGUAGE CODE
Language code of text/sound track or separate title mal
082 ## - DEWEY DECIMAL CLASSIFICATION NUMBER
Classification number 894.8124
Item number CHU/VI
100 ## - MAIN ENTRY--AUTHOR NAME
Personal name Chummar, .
245 ## - TITLE STATEMENT
Title Vicharaleela /
260 ## - PUBLICATION, DISTRIBUTION, ETC. (IMPRINT)
Place of publication Calicut :
Name of publisher P.K Brothers ,
Year of publication 1962.
300 ## - PHYSICAL DESCRIPTION
Number of Pages 129 ; .
942 ## - ADDED ENTRY ELEMENTS (KOHA)
Koha item type Books
Holdings
Withdrawn status Lost status Damaged status Home library Current library Date acquired Full call number Accession Number Koha item type
Withdrawn     KAUAET Malayalam University 07/04/2012 894.8124 958 Books
free website counter